History by Images - 'Q' - Statistics

General Stats
  • This quiz has been taken 50 times
  • The average score is 4 of 10
Answer Stats
Picture Hint Answer % Correct
China's first imperial dynasty Qin
93%
One of the six founding states Queensland
91%
China's last imperial dynasty Qing
80%
Trading post in 1608 Quebec City
42%
Prominent Mesoamerican deity Quetzalcóatl
38%
Earliest settled in 5th millennium BCE Qom
29%
City destroyed by a 1935 earthquake Quetta
11%
Ancient Inca device Quipu
7%
Ancient Iranian water supply system Qanat
2%
First recorded deaf painter Quintus Pedius
0%
No matching quizzes found
Score Distribution
Percent of People with Each Score
Percentile by Number Answered
Your Score History
You have not taken this quiz